000 00815nam a2200217Ia 4500
001 11081
003 GE_BSU
008 181216s||||||||xx |||||||||||||| ||und||
040 _cGE_BSU
080 _a581.9(479.22)
100 _aქვაჩაკიძე,რევაზ
245 _aსაქართველოს გეობოტანიკური დარაიონება.
245 _cრედ.გ.ნახუცრიშვილი
260 _aთბილისი.
260 _bმეცნიერება.
260 _c1996.
300 _a126გვ;20სმ.
520 _aრეზიუმე რუსულ ენაზე გვ.118.
653 _aსაქართველოს გეობოტანიკური დარაიონება.
942 _cBK
999 _c44322
_d44322